000 00272nam a2200109Ia 4500
008 200302s9999 xx 000 0 und d
100 _aNicoletta Trasi
245 _aA D Interdisciplinary Architecture
260 _bJohn Willey and Sons Inc.
260 _c2001
300 _a224
999 _c6423
_d6423